00450nam a2200181Ia 450000500170000000800410001702000180005804100080007608200150008410000140009924500430011325000120015626000520016830000090022050000130022965000120024270000140025420230201140119.0230125s9999 xx 000 0 und d a9789351108665 aeng a332.1bAVA aAvasthi A aImpact of Technology In Banking Sector a1st Ed. c2015bShroff publisher and distributorsaMumbai a496p aBanking  aBanking aAvasthi A